00845nam a22002177a 4500999001900000005001700019010001500036020003000051035001400081037001300095082001000108245010700118260003200225270011200257300001800369500005000387700001700437700002700454942002400481952012200505 c166404d16640420191106111722.0 aENG-126048 a978-93-86761-95-8c999.00 aEN-109580 bDBAD/PUB a330.9 aTransforming Indian Economy :bfrom vision to reality /ced.by Yamini Gupt [and] Ananya Ghosh Dastidar aNew Delhic2019bAne Books  a4821 Parwana Bhawan 1st Floor, 24 Ansari Road, Darya GanjbDelhie110006k011-23276843mkapoor@anebooks.com a235p.c24(Hb) aIncludes bibliographical references and index aGupt, Yamini aDastidar, Ananya Ghosh 2ddccENh330.9mTRA 001040708NFICaZLSbZLSd2019-11-06eDBAD/PUBg999.00l0o330.9 TRApEN-109580r2019-07-23 00:00:00t1v999.00yEN